00700 a2200205 45000010006000000050017000060080041000230030015000640400040000790800027001192450099001460200018002452640033002633000018002965050109003140410008004231000023004316500019004546500021004733892920260407155649.0260407a1995 arg spa dAR-UNSa-BCEJYS aAR-UNSa-BCEJYSbspacAR-UNSa-BCEJYS a369xSeguridad social 10aLey de solidaridad previsional 24.463psu problemática constitucional, sustantiva y procesal a950-894-004-2 1aBuenos Aires :bAD-HOCc1995 a86 p.c22 cm. a1. Reformas a la legislación previsional - 2. Reforma al procedimiento judicial de la seguridad social aspa1 aCarnota, Walter F. aLEY Nº 24.463 a ley nº 24 463